00333nam a2200121 a 4500008004100000050001600041100002200057245002200079246004700101260003200148300002200180350000900202080109s1972 ||||||||||||||||| || u aQ 161.2 Blu aBlumberg, Avrom A10aForm and function anatural science in a technological society aNew YorkbMcGraw-Hillc1972 axxi, 705p. : ill. a0.00